|
|
|
|
| LEADER |
01774nam a2200457 a 4500 |
| 001 |
EBC362042 |
| 003 |
MiAaPQ |
| 005 |
20200520144314.0 |
| 006 |
m o d | |
| 007 |
cr cn||||||||| |
| 008 |
080111s2008 njua sb 001 0 eng |
| 010 |
|
|
|z 2008001411
|
| 015 |
|
|
|a GBA822447
|2 bnb
|
| 016 |
7 |
|
|z 014530672
|2 Uk
|
| 020 |
|
|
|z 9780470259559 (cloth)
|
| 020 |
|
|
|z 0470259558 (cloth)
|
| 035 |
|
|
|a (MiAaPQ)EBC362042
|
| 035 |
|
|
|a (Au-PeEL)EBL362042
|
| 035 |
|
|
|a (CaPaEBR)ebr10296502
|
| 035 |
|
|
|a (CaONFJC)MIL131773
|
| 035 |
|
|
|a (OCoLC)476191495
|
| 040 |
|
|
|a MiAaPQ
|c MiAaPQ
|d MiAaPQ
|
| 050 |
|
4 |
|a HD31
|b .A984 2008
|
| 082 |
0 |
4 |
|a 658.4/013
|2 22
|
| 100 |
1 |
|
|a Aziza, Bruno,
|d 1975-
|
| 245 |
1 |
0 |
|a Drive business performance
|h [electronic resource] :
|b enabling a culture of intelligent execution /
|c Bruno Aziza & Joey Fitts.
|
| 260 |
|
|
|a Hoboken, N.J. :
|b John Wiley & Sons,
|c c2008.
|
| 300 |
|
|
|a xxxiv, 286 p. :
|b ill.
|
| 490 |
1 |
|
|a Microsoft executive leadership series
|
| 504 |
|
|
|a Includes bibliographical references and index.
|
| 505 |
0 |
|
|a The six stages of performance management -- Managing performance -- Monitor -- Analyze -- Plan -- Pull it all together: what's your organization's stage?
|
| 533 |
|
|
|a Electronic reproduction. Ann Arbor, MI : ProQuest, 2015. Available via World Wide Web. Access may be limited to ProQuest affiliated libraries.
|
| 650 |
|
0 |
|a Management.
|
| 650 |
|
0 |
|a Performance.
|
| 650 |
|
0 |
|a Organizational effectiveness.
|
| 650 |
|
0 |
|a Industrial efficiency.
|
| 655 |
|
4 |
|a Electronic books.
|
| 700 |
1 |
|
|a Fitts, Joey,
|d 1972-
|
| 710 |
2 |
|
|a ProQuest (Firm)
|
| 830 |
|
0 |
|a Microsoft executive leadership series.
|
| 856 |
4 |
0 |
|u https://ebookcentral.proquest.com/lib/matrademy/detail.action?docID=362042
|z Click to View
|